Balancing Power without Weapons (Record no. 26777)

MARC details
000 -LEADER
fixed length control field 00863nam a2200121Ia 4500
008 - FIXED-LENGTH DATA ELEMENTS--GENERAL INFORMATION
fixed length control field 220620s9999||||xx |||||||||||||| ||und||
100 ## - MAIN ENTRY--PERSONAL NAME
Personal name Lenihan, Ashley Thomas
245 #0 - TITLE STATEMENT
Title Balancing Power without Weapons
Remainder of title State Intervention into Cross-Border Mergers and Acquisitions
546 ## - LANGUAGE NOTE
Language note English[eng]
650 ## - SUBJECT ADDED ENTRY--TOPICAL TERM
Topical term or geographic name entry element Political Science||International Relations||International Organisations||Politics||Social Theory||Government||China||China National Offshore Oil Corporation||Committee on Foreign Investment in the United States||Economic nationalism||Foreign direct investment||Geopolitics||Mergers and acquisitions||Unocal Corporation
856 ## - ELECTRONIC LOCATION AND ACCESS
Uniform Resource Identifier <a href="https://library.oapen.org/bitstream/20.500.12657/29975/1/650830.pdf||https://library.oapen.org/bitstream/20.500.12657/29975/1/650830.pdf||https://library.oapen.org/bitstream/20.500.12657/29975/1/650830.pdf">https://library.oapen.org/bitstream/20.500.12657/29975/1/650830.pdf||https://library.oapen.org/bitstream/20.500.12657/29975/1/650830.pdf||https://library.oapen.org/bitstream/20.500.12657/29975/1/650830.pdf</a>
942 ## - ADDED ENTRY ELEMENTS (KOHA)
Koha item type E-Books
Holdings
Withdrawn status Lost status Damaged status Not for loan Home library Current library Date acquired Total Checkouts Date last seen Price effective from Koha item type
        Kerala University of Digital Sciences, Innovation and Technology Knowledge Centre Kerala University of Digital Sciences, Innovation and Technology Knowledge Centre 20/06/2022   20/06/2022 20/06/2022 E-Books